Best Spider-Man Movies - Statistics

General Stats
  • This quiz has been taken 29 times
  • The average score is 7 of 8
Answer Stats
Hint Answer % Correct
1st Movie Spider-Man
100%
4th Movie The Amazing Spider-Man
100%
2nd Movie Spider-Man 2
95%
3rd Movie Spider-Man 3
91%
8th Movie Spider-Man No Way Home
91%
5th Movie The Amazing Spider-Man 2
86%
7th Movie Spider-Man Far From Home
82%
6th Movie Spider-Man Homecoming
82%
No matching quizzes found
Score Distribution
Percent of People with Each Score
Percentile by Number Answered
Your Score History
You have not taken this quiz